Wat zijn de 10 grootste steden van Afrika - Statistieken

Algemene statistieken
  • Deze quiz is 48 keer genomen
  • De gemiddelde score is 6 van 10
Antwoordstatistieken
Inwoners Antwoord % Correct
20.439.541 Caïro
97%
13.400.000 Johannesburg
87%
5.200.000 Nairobi
77%
17.239.463 Kinshasa
74%
22.829.561 Lagos
74%
7.047.000 Dar es Salaam
54%
8.632.000 Luanda
51%
5.150.000 Alexandrië
46%
5.050.000 Abidjan
41%
5.989.000 Khartoum
26%
Geen overeenkomende quizzen gevonden
Scoreverdeling
Procent van Mensen met Elke Score
Percentiel versus Aantal Correcte Antwoorden
Uw Scoregeschiedenis
U heeft deze quiz nog niet genomen